I Was Raised by Television: T.V.'s Unseen Characters - Statistics

General Stats
  • This quiz has been taken 124 times
  • The average score is 5 of 11
Answer Stats
Unseen Character Show Title % Correct
Niles' wife, Maris Frasier
88%
Norm's wife, Vera Cheers
84%
Ugly Naked Guy Friends
75%
Howard's Mother, Debbie Big Bang Theory
65%
Wilson Wilson Jr. Home Improvement
58%
Les Nessman's dog, Phil WKRP
45%
Bob Sacamano Seinfeld
33%
Charles Townsend Charlie's Angels
32%
Fred's wife, Elizabeth Sanford and Son
28%
The Gooch Diff'rent Strokes
7%
Binny Just Shoot Me
3%
No matching quizzes found
Score Distribution
Percent of People with Each Score
Percentile by Number Answered
Your Score History
You have not taken this quiz